| 000 | 00500cam a22001931 4500 | ||
|---|---|---|---|
| 001 | 752275 | ||
| 005 | 20180309083858.0 | ||
| 008 | 711124s1966 nyuab 000 0 eng | ||
| 010 | _a 65023555 | ||
| 040 |
_aDLC _cDLC _dDLC |
||
| 041 | _aeng | ||
| 080 | _a500.2 KRA | ||
| 082 | 0 | 0 | _a500.2 KRA |
| 100 | 1 | _a43 | |
| 101 | _aFIZ | ||
| 245 | 1 | 0 |
_aFundamentals of physical science _c[by] Konrad Krauskopf [and] Arthur Beiser. |
| 906 |
_a7 _bcbc _corignew _du _eocip _f19 _gy-gencatlg |
||
| 942 |
_2ddc _cBK |
||
| 999 |
_c44618 _d44618 |
||